| 000 | 00623nas a22001817a 4500 | ||
|---|---|---|---|
| 999 |
_c6570 _d6570 |
||
| 003 | OSt | ||
| 005 | 20181023121002.0 | ||
| 008 | 130704b xxu||||| |||| 00| 0 eng d | ||
| 020 | _a1138-9761 | ||
| 040 |
_cCDMR _bcat |
||
| 245 | 0 | 0 | _aQuaderns del CAC |
| 260 |
_aBarcelona _bGeneralitat de Catalunya. Consell de l'Audiovisual de Catalunya _c1998- |
||
| 362 | _aNúm. 1 (març 1998) - | ||
| 650 | 0 | 4 |
_92084 _aComunicació audiovisual _zCatalunya _vRevistes |
| 710 | 2 |
_9828 _aConsell de l'Audiovisual de Catalunya |
|
| 856 | 0 | 4 |
_uhttp://dialnet.unirioja.es/servlet/revista?codigo=4526 _yDisponible en línia (Dialnet) |
| 856 | 0 | 4 |
_uhttps://www.cac.cat/acords-recerca/revista-quaderns-del-cac _yDisponible al Portal Web |
| 942 |
_2udc _cSER _s1 |
||